| 000 | 00734nam a2200193Ia 4500 | ||
|---|---|---|---|
| 008 | 0000001993 ck a 0000000000spa00 | ||
| 090 | _aPUS00 G24l | ||
| 100 | 1 |
_aGelfman, Lynne Golob _d1944 |
|
| 245 | 1 | 0 | _aLynne Golob Gelfman |
| 300 |
_a1 plegable [6] p. _c/ 23 cm. |
||
| 500 | _aExposición realizada en la Galería ALfred Wild, Bogotá, 1993 \ Con el patronazgo del maestro venezolano Jesús Rafael Soto (q.e.p.d.) | ||
| 600 | 0 | 0 |
_aGELFMAN, LYNNE GOLOB, 1944 / _xTRABAJOS PICTORICOS |
| 650 | 1 | 4 | _aARTE CONTEMPORANEO ESTADOUNIDENSE |
| 650 | 1 | 4 | _xCATALOGOS |
| 650 | 1 | 4 | _xEXPOSICIONES |
| 650 | 1 | 4 | _aPINTORES ESTADOUNIDENSES |
| 650 | 1 | 4 | _aPINTURA ESTADOUNIDENSE |
| 999 |
_c1780 _d1780 |
||
| 260 |
_aBogotá : Galería Alfred Wild _c1993 |
||